banner koha

Impactos do projeto de transposição do rio São Francisco na agricultura irrigada no nordeste setentrional (Registro n. 298013)

MARC details
000 -LÍDER
campo de controle de tamanho fixo 01040nac a22002897a 4500
001 - NÚMERO DE CONTROLE
campo de controle BR2015004910
003 - IDENTIFICADOR DO NÚMERO DE CONTROLE
campo de controle BR-BrBNA
005 - DATA E HORÁRIO DA ÚLTIMA TRANSAÇÃO
campo de controle 20240105124023.0
008 - CAMPO DE DADOS FIXOS--INFORMAÇÃO GERAL
campo de controle de tamanho fixo 230509b bl.|||m| |||| 00| 0 por d
040 ## - FONTE DA CATALOGAÇÃO
Instituição da catalogação original BR-BrBNA
Idioma da catalogação por
Instituição que transcreveu o registro Biblioteca Nacional de Agricultura
072 ## - CÓDIGO DE CATEGORIA DE ASSUNTO
Código de Categoria de Assunto E14; A01; F06
090 ## - NÚMERO DE CHAMADA LOCAL
Número de chamada E14 BR2015004910
100 1# - ENTRADA PRINCIPAL--NOME PESSOAL
Nome pessoal Castro, C.N. de
110 1# - ENTRADA PRINCIPAL--NOME CORPORATIVO
Nome corporativo ou nome da jurisdição Instituto de Pesquisa Econômica Aplicada, Rio de Janeiro, RJ (Brasil)
9 (RLIN) 6126
245 1# - TÍTULO
Título Impactos do projeto de transposição do rio São Francisco na agricultura irrigada no nordeste setentrional
260 3# - PUBLICAÇÃO, DISTRIBUIÇÃO, ETC.
Local de publicação, distribuição, etc. Rio de Janeiro, RJ (Brasil):
Data da publicação, distribuição, etc. 2011.
300 ## - DESCRIÇÃO FÍSICA
Extensão 35 p.
490 ## - TÍTULO DA SÉRIE
Título da série Texto Para Discussão - Instituto de Pesquisa Econômica Aplicada (Brazil)
Número do volume ou designação sequencial da série no. 1573
ISSN - International Standard Serial Number ISSN 1415-4765
500 ## - NOTA GERAL
Nota geral Summaries (En, Pt); 20 ref.
650 ## - ASSUNTO--TERMO TÓPICO
Cabeçalho tópico ou nome geográfico PROJETO DE DESENVOLVIMENTO
650 ## - ASSUNTO--TERMO TÓPICO
Cabeçalho tópico ou nome geográfico RIO
650 ## - ASSUNTO--TERMO TÓPICO
Cabeçalho tópico ou nome geográfico AGRICULTURA
650 ## - ASSUNTO--TERMO TÓPICO
Cabeçalho tópico ou nome geográfico IRRIGAÇÃO
650 ## - ASSUNTO--TERMO TÓPICO
Cabeçalho tópico ou nome geográfico AGRICULTURA SUSTENTÁVEL
909 ## -
-- 202312
-- Lúcia Elande
-- 55
-- Lúcia Elande
942 ## - ELEMENTOS DE ENTRADA ADICIONADOS (KOHA)
Fonte da classificação ou esquema de arquivamento na estante Classificação AGRIS
Ocultar no OPAC Não
Tipo de material Koha Monografia Seriada
Exemplares
Situação do descarte Fonte da classificação ou esquema de arquivamento na estante Situação física Não pode ser emprestado Coleção Biblioteca de origem Biblioteca atual Localização na estante Total de empréstimos Número de telefone completo Código de barras Data de último acesso Tipo de material Koha Fonte de aquisição
  Classificação AGRIS       Biblioteca Nacional de Agricultura - Binagri Biblioteca Nacional de Agricultura - Binagri Agrobase - Acervo Geral   E14 BR2015004910 E14 BR2015004910 18/12/2023 Monografia Seriada Portaria Interministerial nº 164/94

BINAGRI

Telefone: (61)3218-2567/2388/3357/2097 - binagri@agro.gov.br

Ministério da Agricultura e Pecuária , Esplanada dos Ministérios, Bloco D, Anexo B, Brasília/DF, CEP: 70.043-900